Educatio siglo XXI revista de la Facultad de Educación.

Detalles Bibliográficos
Título anterior:Anales de pedagogía
Autor Corporativo: Universidad de Murcia. Facultad de Educación
Formato: Electrónico Seriadas
Lenguaje:español
Publicado: Murcia : Universidad de Murcia, [2003?]-
Materias:
Acceso en línea:Full text available from Research Library: 01/01/2014 to present
Full text available from PRISMA Database with HAPI Index: 01/01/2014 to 01/31/2016

MARC

LEADER 00000nas a22000007a 4500
001 ssj0000393580
003 WaSeSS
005 20200512172242.0
006 m d
007 cr n
008 060310c20039999sp fr s 0 0spa
010 |a  2006202049 
022 |l 1699-2105  |y 1699-2105 
035 |a (WaSeSS)ssj0000393580 
040 |a DLC  |b eng  |c DLC  |d DLC  |d OCLCQ  |d DLC  |d OCLCQ  |d OCLCO  |d CUS  |d WaSeSS 
041 0 |a spa  |b eng 
042 |a msc 
043 |a e-sp--- 
222 0 |a Educatio siglo XXI 
245 0 0 |a Educatio siglo XXI  |h [electronic resource] :  |b revista de la Facultad de Educación. 
246 3 |a Educatio siglo veintiuno 
246 3 |a Educatio siglo 21 
260 |a Murcia :  |b Universidad de Murcia,  |c [2003?]- 
310 |a Semiannual,  |b 2009- 
321 |a Annual,  |b 2003-2008 
362 0 |a 20/21 (dic. 2003)- 
500 |a Each issue has also a distinctive title. 
506 |a License restrictions may limit access. 
546 |a Text in Spanish; summaries in English and Spanish. 
588 |a Latest issue consulted: Vol. 27.2 (año 2009). 
655 0 |a Electronic journals. 
710 2 |a Universidad de Murcia.  |b Facultad de Educación. 
780 0 0 |t Anales de pedagogía  |x 0212-8322  |w (DLC)sf 93094650  |w (OCoLC)29408730 
850 |a DLC 
856 4 0 |z Full text available from Research Library: 01/01/2014 to present  |u https://search.proquest.com/publication/2035781 
856 4 0 |z Full text available from PRISMA Database with HAPI Index: 01/01/2014 to 01/31/2016  |u https://search.proquest.com/publication/2036008